000 01045nam a2200241Ia 4500
999 _c38557
_d38557
001 4658
003 GE_BSU
005 20190515194007.0
008 181216s1999||||ge |||||||||||||| ||geo||
020 _a02017161
040 _cGE_BSU
041 _ageo
080 _a378(061) ბ–17
245 _aბათუმის პოლიტექნიკური ინსტიტუტის შრომები = TRANSACTICONS=ТРУДЫ. /
_cრედ. ბ. კუტუბიძე ; ი.დიდმანიძე.
264 _aბათუმი :
_bაჭარა,
_c1999.
300 _a255 გვ . ;
_b ილ;
_c24 სმ.
520 _aრეზ. რუს. ენაზე.
653 _aბათუმის პოლიტექნიკური ინსტიტუტის შრომები
653 _aშრომები
700 _aკუტუბიძე, ბ
_eრედაქტორი
_91197
700 _aდიდმანიძე,ი
_eრედაქტორი
_91197
942 _cBK
_2udc